Economía de moneda y banca

Saved in:
Bibliografiske detaljer
Hovedforfatter: Chandler, Lester V (Author)
Format: Bog
Sprog:spansk
Udgivet: Buenos Aires Tipografía Editora Argentina 1970
Fag:
Tags: Tilføj Tag
Ingen Tags, Vær først til at tagge denne postø!

MARC

LEADER 00000nam a2200000 a 4500
001 UCT6055
003 CL-VaPUC
008 961230e19700000AG |||||||||||||||||spa|d
082 0 4 |a 332.4  |b CHA  |2 21 
100 0 |a Chandler, Lester V  |e author  |9 375785 
245 1 0 |a Economía de moneda y banca 
300 |a 831 p 
942 |c BK 
945 |d 19961230 00:00:00  |a rleighto 
260 |a Buenos Aires  |b Tipografía Editora Argentina  |c 1970 
650 0 |a Economía   |9 255568 
650 0 |a Moneda  |9 342365 
650 7 |a ECONOMIA MONETARIA  |2 CL-VaPUC  |9 317790 
650 0 |a Finanzas  |9 260832 
650 7 |a DEUDA  |2 CL-VaPUC  |9 375786 
650 0 |a Crédito  |9 256211 
650 7 |a BANCOS COMERCIALES  |2 CL-VaPUC  |9 375787 
650 0 |a Política monetaria  |9 258279 
650 0 |a Sistema monetario   |9 371822 
650 7 |a TEORIA MONETARIA  |2 CL-VaPUC  |9 375788 
650 7 |a PRODUCTO NACIONAL BRUTO  |2 CL-VaPUC  |9 259223 
650 0 |a Consumo  |9 333893 
650 0 |a Ahorro  |9 351157 
650 0 |a Inversiones  |9 345867 
583 |a last modification  |c 19961230 00:00:00  |k Rodrigo Vera 
999 |c 254788  |d 254786 
952 |0 0  |1 0  |4 0  |6 332_400000000000000_CHA_1970  |7 0  |8 A  |9 276670  |a BIBENE  |b BIBENE  |d 2019-11-19  |i 3264610  |o 332.4 CHA 1970  |p 3264610  |r 2025-01-15  |w 2019-11-19  |y BK  |k ICO